000 00388nam a2200169Ia 4500
005 20250423101233.0
008 250422s9999 xx 000 0 und d
020 _a0-394-37918-7
050 _aHB 171.5 .S292/
100 _aSchiller, Bradley R.
245 4 _aThe economy today
250 _a4th ed.
260 _aNew York
260 _bRandom House
260 _c1989
942 _cBK
999 _c35706
_d35706